000 00650nam a22002297a 4500
003 UA-OsUOA
001 98307
007 ta
008 20130415b un ||||| |||| 00| 0 ukr d
090 _a82.09
_bП91
942 _cBK
040 _aUA-OsUOA
_brus
_cUA-OsUOA
_dUA-OsUOA
245 _aА. С. Пушкин 1799 - 1949
_bматериалы юбилейных торжеств
300 _a378 с.
_bІлюстрації
955 _a3
041 _arus
080 _a82.09
260 _aМ.
_bИзд-во АН СССР
_c1951
044 _aRU
650 7 _a82 Література. Літературознавство
_2UDC
999 _c384788
_d384788